000 00381nam a2200169Ia 4500
008 221030s9999 xx 000 0 und d
020 _a8125912754
041 _aEnglish
082 _a105.23
_bKal
100 _aS. Kalavathy
245 0 _aOperations Research
250 _a2nd
260 _bVikas Pub House
_aNew Delhi
_c0
300 _a536
650 _aComputers
942 _cBK
999 _c8766
_d8766